00794nam a2200169 a 4500008004100000050001500041100001200056245009100068260004300159300002900202650002200231650003300253700002000286995016700306999001700473952013400490130927s1923 ||||||||||||||||| || u aRC 961 PRA aByam, W14aThe practice of medicine in the tropics: v. IIIcedited by W. Byam and R. G. Archibald aLondon:bHenry Frowde and Hodderc1923 axx, varied pagings: ill. aTROPICAL MEDICINE aINSECTS AS CARRIERS--DISEASE aArchibald, R. G aMEDICAL LIBRARY OPEN ACCESSe902351FCBU-SCHOOL OF MEDICINE LIBRARY (Ndola)jRC 961 PRAM1UAVAILABLEWNov 7, 2013y902351ZMedical Library Open Access Collection c32450d32450 00102lcc4070a002b002cMedical Library Open Access Collectiond2022-11-30l0oRC 961 PRAp902351r2022-11-30w2022-11-30y002